000 00706nam a2200157Ia 4500
005 20240906061840.0
008 240331s9999 xx 000 0 und d
020 _a9555920168
082 _bSRI
_a658.4
100 _aSri Lanka Foundation.
245 0 _aHow to write a thesis
260 _aColombo
_bSri Lanka Foundation Institute
_c1997
300 _a55 p .,
500 _aHow to write a thesis was the subject of two workshops held in October and November 1996 at the Sri Lanka foundation institute. they were organized as part of a series of workshops on Adult education, which the SLFI conducted during 1996 in pursuance of its mandate to promote adult education and higher level training.
942 _cL
999 _c4562
_d4562